Ngôn ngữ truyền đạt, tập 1(Dành cho Hs THCS)

Salvato in:
Dettagli Bibliografici
Natura: Libro
Tags: Aggiungi Tag
Nessun Tag, puoi essere il primo ad aggiungerne! !
Thư viện lưu trữ: Mạng thư viện Đại học Đà Nẵng
LEADER 00431nam a22001691a 4500
001 000040271
003 16566
005 20160412022905.0
008 160412s0 000
082 |a 4N(TK)1940-43 
245 |a Ngôn ngữ truyền đạt, tập 1(Dành cho Hs THCS) 
OWN |a LNN 
999 |a From the UDN01 
TYP |a Monograph 
980 |a Mạng thư viện Đại học Đà Nẵng